00353nam a2200109Ia 4500008004100000041000800041100001900049245010900068260003800177300000800215700002000223250110s9999 xx 000 0 und d aeng aMasalekar Neha a Landscape Development And Site Planning Proposal For A Plant Nursery, At Verve Khurd Villege, Near Pune bM Arch Landscape BNCA, Punec2015 a50p aGuide Name:BNCA